000 00824 a2200217 4500
010 _aENG-88637
020 _c195.00
_a8183188609
035 _aEN-72170
037 _bDBAD / PUB
082 1 4 _a346.07
090 _c9087
_d9087
100 _aMaheshwari, S.N.
245 1 _aBusiness law:
_cby S. N. Maheshwari [and] S. K.Maheshwari
_b[for B.Com. (Andhra), B.Com. (Hons.) DU, BBA (GGSIPU), CPT (ICAI) & CS Foundation (ICSI) and similar courses/
250 _a2nd rev. & enl. ed.
260 _aMumbai
_bHimalaya Publishing House
_c2007
270 _a"Ramdoot", Dr. Bhalerao Marg, Girgoan
_bMumbai
_e400 004.
300 _avarious pagings
_c24cm (Pbk)
700 1 _aMaheshwari, S. K.
942 _adpl
_cEN
_k346.07 / MAH
999 _c8923
_d8923